Statistiques concernant Culture Générale - Série 779

Cliquez ici pour prendre le quiz!

Statistiques générales

  • Ce quiz a été pris 74 fois
  • Le résultat moyen est 8 sur 10

Statistiques - réponses

QuestionRéponse% Correct
Dans la légende, de quelle forme est la table des chevaliers du roi Arthur ?ronde
100%
Sous quel pseudonyme s'est fait connaître le comédien et humoriste Michel Colucci ?Coluche
97%
Quel animal hennit ?cheval
97%
Quel peintre espagnol portant de longues moustaches avait pour inspiratrice et compagne Gala ?Salvador Dali
94%
En raison de sa forme, le bureau du président des Etats-Unis à la Maison-Blanche est appelé le bureau...ovale
94%
D'après une expression familière issue du monde de la boxe, que doit-on jeter pour signifier qu'on abandonne la lutte ?L'éponge
87%
Quel grand fleuve de France prend sa source sur le plateau de Langres ?Seine
87%
De quel pays d'Europe, la Guinée-Bissau est-elle une ancienne colonie ?Portugal
83%
En 2001, à quelle chanteuse australienne doit-on le tube : "Can't Get You Out of My Head" ?Kylie Minogue
58%
Sous quel surnom, le détective amateur des romans de Leslie Charteris, est-il mieux connu ?Le Saint
11%

Distribution des résultats

Percentile par nombre de réponses

% des personnes avec chaque résultat

Votre développement - résultats

Vous n’avez pas pris ce quiz